Statistics for Российские Города По Фото

Click here to take the quiz!

General Stats

  • This quiz has been taken 743 times
  • The average score is 7 of 13

Answer Stats

Answer% Correct
Москва
100%
Казань
83%
Волгоград
81%
Санкт-Петербург
80%
Нижний Новгород
51%
Владивосток
48%
Екатеринбург
46%
Калининград
44%
Грозный
43%
Севастополь
43%
Сочи
41%
Новосибирск
27%
Иркутск
9%

Score Distribution

Percentile by Number Answered

Percent of People with Each Score

Your Score History

You have not taken this quiz